000 00681nam a2200289Ia 4500
005 20260324143819.0
008 008 260324s9999 xx 000 0 eng d
020 _a9781315059273
037 _aEBOOK
040 _aCRL
040 _beng
040 _cCRL
041 _2eng
041 _aeng
084 _qCRL
100 _aJerome Beker; Nancy A Boxill
_91217021
245 0 _aHomeless Children
245 4 _bThe Watchers and the Waiters
260 _bTaylor and Francis
260 _c1990
365 _a
365 _b82.99
856 _uhttp://www.taylorfrancis.com/books/9781315059273
942 _cEBOOK
999 _c1822869
_d1822869